LEADER 01147nam0 22003131i 450 001 UON00300772 005 20231205104003.231 100 $a20070917d1959 |0itac50 ba 101 $aeng 102 $aGB 105 $a|||| 1|||| 200 1 $aRestoration tragedy, 1660-1720$fby Bonamy Dobrée 210 $aOxford$cClarendon Press$d1959 215 $a189 p.$d19 cm. 606 $aDRYDEN JOHN$3UONC039931$2FI 606 $aROWE NICOLAS$3UONC039934$2FI 606 $aTEATRO INGLESE$xSec. 17.-18.$xStudi$3UONC065780$2FI 606 $aOTWAY THOMAS$3UONC066594$2FI 606 $aLEE NATHANIEL$3UONC066611$2FI 620 $aGB$dOxford$3UONL000029 676 $a792.0942$cTeatro inglese$v21 700 1$aDOBRÉE$bBonamy$3UONV120502$0387349 712 $aClarendon Press$3UONV246509$4650 801 $aIT$bSOL$c20240220$gRICA 899 $aSIBA - SISTEMA BIBLIOTECARIO DI ATENEO$2UONSI 912 $aUON00300772 950 $aSIBA - SISTEMA BIBLIOTECARIO DI ATENEO$dSI Angl II C 697 $eSI SI 286 5 697 996 $aRestoration tragedy$9173784 997 $aUNIOR LEADER 03216nam 2200565 a 450 001 9910437799003321 005 20240912144817.0 010 $a1-299-19774-4 010 $a3-642-33950-6 024 7 $a10.1007/978-3-642-33950-9 035 $a(OCoLC)826019113 035 $a(MiFhGG)GVRL6VUG 035 $a(CKB)2670000000328007 035 $a(MiAaPQ)EBC1082753 035 $a(MiAaPQ)EBC4975832 035 $a(EXLCZ)992670000000328007 100 $a20121203d2013 uy 0 101 0 $aeng 135 $aurun|---uuuua 181 $ctxt 182 $cc 183 $acr 200 10$aHidden hunger /$fHans Konrad Biesalski ; translated by Patrick O'Mealy 205 $a1st ed. 2013. 210 $aNew York $cSpringer$d2013 215 $a1 online resource (xiii, 255 pages) $cillustrations, map 225 0 $aGale eBooks 300 $aEnglish edition of "Der verborgene Hunger" (Springer Spektrum), 2012. 311 $a3-642-33949-2 320 $aIncludes bibliographical references and index. 327 $aHunger - a baseline study of the current situation -- Hidden hunger -- Causes of hidden hunger -- Trapped on the hunger carousel - generation after generation -- Quality comes with a price tag - the deadly triangle of economics, hunger and child development -- Ways out of the hunger crisis - making food security secure -- Strategies to combat hidden hunger. 330 $aHidden Hunger is an increasing problem even in developed countries, whose potential negative consequences on long-term health are often overlooked and underestimated. Chronic malnutrition is at the core of the global hunger challenge facing science, politics, and economics. In plain language and with moving examples, Hans K. Biesalski describes how hidden hunger affects human health long before malnutrition becomes obvious. Worldwide, over one third of deaths among children under 5 years of age is associated with malnutrition. As poverty is the main reason for hidden hunger, addressing this dire challenge requires long-term policies. Land grabbing and climate change seriously counteract a lot of efforts to overcome hidden hunger. This book is a highly impressive call to action. Investment in agriculture and in particular in small-scale farmers to improve subsistence farming are among the approaches suggested to reach a sustainable solution. The author is head of the department of biochemistry and nutrition and managing director of the Food Security Center at the University of Hohenheim, Germany. He is a member of numerous advisory and expert groups for the World Health Organization (WHO), the Food and Agriculture Organization (FAO) and the Global Forum on Food Security and Nutrition. 606 $aFood supply 606 $aHunger 606 $aWorld health 606 $aMalnutrition 615 0$aFood supply. 615 0$aHunger. 615 0$aWorld health. 615 0$aMalnutrition. 676 $a612.391 700 $aBiesalski$b Hans Konrad$01059792 701 $aO'Mealy$b Patrick$01757856 801 0$bMiAaPQ 801 1$bMiAaPQ 801 2$bMiAaPQ 906 $aBOOK 912 $a9910437799003321 996 $aHidden hunger$94195849 997 $aUNINA